01446cam a22003618a 450000100090000000300090000900500170001800800410003502000350007602000180011104000330012908200200016210000370018224500640021926400440028330000270032733600260035433700280038033800270040850000560043550400510049160000470054260000550058960000680064465000760071265000650078865100100085365300230086365500240088694200120091099900170092295201450093912815856EG-ScBUE20220125105746.0020613r20021968nyu f b 001 0beng d a0815412436 (pbk. : alk. paper) a9780815412434 aDLCbengerdacDLCdEG-ScBUE04a812.52222bSHE1 aSheaffer, Louis,eauthor.93053110aO'Neill :bson and playwright.nvolume 1 /cLouis Sheaffer. 1aNew York :bCooper Square Press,c2002. axx, 543 pages ;c24 cm 2rdacontentatextbtxt 2rdamediaaunmediatedbn 2rdacarrieravolumebnc aOriginally published: Boston : Little, Brown, 1968. aIncludes bibliographical references and index.17aO'Neill, Eugene,d1888-1953.2BUEsh93053217aO'Neill, Eugene,d1888-1953xFamily.2BUEsh93053317aO'Neill, Eugene,d1888-1953xChildhood and youth.2BUEsh930534 7aDramatists, Americany20th centuryxFamily relationships.2BUEsh930535 7aDramatists, Americany20th centuryvBiography.2BUEsh930536 2BUEsh cJuly2012bHHUUEENN vReading book934232 2ddccBB c16854d16854 00102ddc40708BaccahaMAINbMAINc2NDd2012-07-11epurchaseg201.00h15359l0o812.52 SHEp000026956r2025-07-15 00:00:00w2012-07-11yBB